000 00442nam a2200169Ia 4500
005 20250424120316.0
008 250424s9999 xx 000 0 und d
022 _a20068077
050 _aK 60 .N5/
245 0 _aNJI law journal
260 _aAbuja, Nigeria
260 _bNational judicial institute
260 _c2009
300 _avi, 217 p. ; 26 cm.
650 _aLaw -- Nigeria -- Periodicals. Law reviews -- Nigeria
942 _cSR
999 _c38578
_d38578